Veselo je na statku : [omalovánky, básničky, hřebenovky, bludiště /

Main Author: Špačková, Alena
Other Authors: Mádrová, Jitka
Language: Czech
Published: Praha : Fortuna Print, 2007
Series: Jupiter (Fortuna Print)
Physical Description: 85 s. : il. (převážně barev.) ; 24 cm
Book
Saved in:
LEADER 01742cam a2200517 a 4500
001 nkc20081745229
003 CZ PrNK
005 20160505170915.0
007 ta
008 070521s2007 xr a b 000 1 cze d
015 |a cnb001745229 
020 |a 978-80-7321-305-3  |q (váz.) 
035 |a (OCoLC)607517325 
040 |a CBA001  |b cze  |d BOA001  |d OLA001  |d ABA001 
041 1 |a cze  |h eng 
072 7 |a 821-93  |x Literatura pro děti a mládež (beletrie)  |2 Konspekt  |9 26 
080 |a 821-93  |2 MRF 
080 |a 821-32  |2 MRF 
080 |a 821-193  |2 MRF 
080 |a (0:82-32)  |2 MRF 
080 |a (0:82-193)  |2 MRF 
080 |a (0.029)794  |2 MRF 
100 1 |a Špačková, Alena  |7 jn20001103512  |4 aut 
245 1 0 |a Veselo je na statku :  |b [omalovánky, básničky, hřebenovky, bludiště /  |c text Alena Špačková ; verše Jitka Mádrová] 
260 |a Praha :  |b Fortuna Print,  |c 2007 
300 |a 85 s. :  |b il. (převážně barev.) ;  |c 24 cm 
490 1 |a Jupiter 
500 |a Copyright: vydavateľtsvo Junior 
500 |a Přeloženo z angličtiny 
655 7 |a příběhy  |7 fd133204  |2 czenas 
655 7 |a říkadla  |7 fd133992  |2 czenas 
655 7 |a hry  |7 fd133187  |2 czenas 
655 7 |a publikace pro děti  |7 fd133156  |2 czenas 
655 9 |a stories  |2 eczenas 
655 9 |a children's poetry  |2 eczenas 
655 9 |a games  |2 eczenas 
655 9 |a children's literature  |2 eczenas 
700 1 |a Mádrová, Jitka  |7 pag2012682438  |4 aut 
765 0 |t Tales of buttercup farm  |9 Česky 
830 0 |a Jupiter (Fortuna Print)  |0 s 
910 2 |a BOA001  |b 2-1221.658 
928 9 |a Junior 
990 |a BK 
995 |a 01 
991 |b 200904 
996 6 |b 2610374699  |c 2-1221.658  |l MZK  |r Sklad / do 1 hodiny  |n 0  |p p.v.  |w 000935424  |u 000010  |a 1  |e BOA001  |j MZK50  |s P